Información (Registro nro. 8706)

Detalles MARC
000 -LEADER
fixed length control field 00971nas a2200265 454500
001 - CONTROL NUMBER
control field 31399
005 - DATE AND TIME OF LATEST TRANSACTION
control field 20260407193508.0
008 - FIXED-LENGTH DATA ELEMENTS--GENERAL INFORMATION
fixed length control field 260407s1979####ag###########|||spa#d
003 - CONTROL NUMBER IDENTIFIER
control field AR-UNSa-BCEJYS
040 ## - CATALOGING SOURCE
Original cataloging agency AR-UNSa-BCEJYS
Language of cataloging spa
Transcribing agency AR-UNSa-BCEJYS
080 ## - UNIVERSAL DECIMAL CLASSIFICATION NUMBER
Universal Decimal Classification number 656
Common auxiliary subdivision Transportes. Correos. Organización y control del tráfico
041 ## - LANGUAGE CODE
Language code of text/sound track or separate title spa
100 1# - MAIN ENTRY--PERSONAL NAME
Personal name México. Secretaría de Comunicaciones y Transportes
245 10 - TITLE STATEMENT
Title Información
Name of part/section of a work imagen nacional e internacional de comunicaciones y transportes
264 #1 - PRODUCTION, PUBLICATION, DISTRIBUTION, MANUFACTURE, AND COPYRIGHT NOTICE
Place of production, publication, distribution, manufacture México :
Name of producer, publisher, distributor, manufacturer Dirección General de Información y Relaciones Públicas
Date of production, publication, distribution, manufacture, or copyright notice 1979
310 ## - CURRENT PUBLICATION FREQUENCY
Current publication frequency Frecuencia: bimestral
590 ## - LOCAL NOTE (RLIN)
Local note niveau_biblio:s niveau_hierar:1
650 ## - SUBJECT ADDED ENTRY--TOPICAL TERM
Topical term or geographic name entry element Transporte aéreo
650 ## - SUBJECT ADDED ENTRY--TOPICAL TERM
Topical term or geographic name entry element Transporte
650 ## - SUBJECT ADDED ENTRY--TOPICAL TERM
Topical term or geographic name entry element Transporte marítimo
650 ## - SUBJECT ADDED ENTRY--TOPICAL TERM
Topical term or geographic name entry element Transporte ferroviario
650 ## - SUBJECT ADDED ENTRY--TOPICAL TERM
Topical term or geographic name entry element COMUNICACIONES
856 41 - ELECTRONIC LOCATION AND ACCESS
Uniform Resource Identifier <a href="https://biblioeco.unsa.edu.ar/pmb/images/revistas/Informacion-r.jpg">https://biblioeco.unsa.edu.ar/pmb/images/revistas/Informacion-r.jpg</a>
Link text Imagen de portada
Electronic format type image/jpeg
942 ## - ADDED ENTRY ELEMENTS (KOHA)
Koha item type
Existencias
Withdrawn status Lost status Damaged status Not for loan Home library Current library Shelving location Date acquired Serial enumeration / chronology Total checkouts Full call number Barcode Date last seen Price effective from Koha item type
        Biblioteca Prof. Eusebio Cleto del Rey Biblioteca Prof. Eusebio Cleto del Rey   01/01/1982 Nº 1/2 - ene./feb. 1982   H656 INF 1/2.1982 R15216 10/04/2026 10/04/2026 Numero
        Biblioteca Prof. Eusebio Cleto del Rey Biblioteca Prof. Eusebio Cleto del Rey   01/11/1981 Nº 11/12 - nov./dic. 1981   H656 INF 11/12.1981 R15215 10/04/2026 10/04/2026 Numero
        Biblioteca Prof. Eusebio Cleto del Rey Biblioteca Prof. Eusebio Cleto del Rey   01/09/1981 Nº 9/10 - sep./oct. 1981   H656 INF 9/10.1981 R15214 10/04/2026 10/04/2026 Numero
        Biblioteca Prof. Eusebio Cleto del Rey Biblioteca Prof. Eusebio Cleto del Rey   01/07/1981 Nº 7/8 - jul./ago. 1981   H656 INF 7/8.1981 R15213 10/04/2026 10/04/2026 Numero
        Biblioteca Prof. Eusebio Cleto del Rey Biblioteca Prof. Eusebio Cleto del Rey   01/05/1981 Nº 5/6 - mayo/jun. 1981   H656 INF 5/6.1981 R15212 10/04/2026 10/04/2026 Numero
        Biblioteca Prof. Eusebio Cleto del Rey Biblioteca Prof. Eusebio Cleto del Rey   01/03/1981 Nº 3/4 - mar./abr. 1981   H656 INF 3/4.1981 R15211 10/04/2026 10/04/2026 Numero
        Biblioteca Prof. Eusebio Cleto del Rey Biblioteca Prof. Eusebio Cleto del Rey   01/01/1981 Nº 1/2 - ene./feb. 1981   H656 INF 1/2.1981 R15210 10/04/2026 10/04/2026 Numero
        Biblioteca Prof. Eusebio Cleto del Rey Biblioteca Prof. Eusebio Cleto del Rey   01/11/1980 Nº 11/12 - nov./dic. 1980   H656 INF 11/12.1980 R15209 10/04/2026 10/04/2026 Numero
        Biblioteca Prof. Eusebio Cleto del Rey Biblioteca Prof. Eusebio Cleto del Rey   01/09/1980 Nº 9/10 - sep./oct. 1980   H656 INF 9/10.1980 R15208 10/04/2026 10/04/2026 Numero
        Biblioteca Prof. Eusebio Cleto del Rey Biblioteca Prof. Eusebio Cleto del Rey   01/07/1980 Nº 7/8 - jul./ago. 1980   H656 INF 7/8.1980 R15207 10/04/2026 10/04/2026 Numero
        Biblioteca Prof. Eusebio Cleto del Rey Biblioteca Prof. Eusebio Cleto del Rey   01/05/1980 Nº 5/6 - mayo/jun. 1980   H656 INF 5/6.1980 R15206 10/04/2026 10/04/2026 Numero
        Biblioteca Prof. Eusebio Cleto del Rey Biblioteca Prof. Eusebio Cleto del Rey   01/01/1980 Nº 1/2 - ene./feb. 1980   H656 INF 1/2.1980 R15205 10/04/2026 10/04/2026 Numero
        Biblioteca Prof. Eusebio Cleto del Rey Biblioteca Prof. Eusebio Cleto del Rey   01/09/1979 Nº 9/12 - sep./dic. 1979   H656 INF 9/12.1979 R15204 10/04/2026 10/04/2026 Numero
        Biblioteca Prof. Eusebio Cleto del Rey Biblioteca Prof. Eusebio Cleto del Rey   01/07/1979 Nº 7/8 - jul./ago. 1979   H656 INF 7/8.1979 R15150 10/04/2026 10/04/2026 Numero